Gas-turbine regenerators / (Record no. 5795)

MARC details
000 -LEADER
fixed length control field 00783nac a22002291u 4500
010 ## - LIBRARY OF CONGRESS CONTROL NUMBER
LC control number 96013362
020 ## - INTERNATIONAL STANDARD BOOK NUMBER
International Standard Book Number 0412983311
082 00 - DEWEY DECIMAL CLASSIFICATION NUMBER
Classification number 629.25
Item number BEC
090 ## - LOCALLY ASSIGNED LC-TYPE CALL NUMBER (OCLC); LOCAL CALL NUMBER (OCLC)
-- 5795
-- 5795
100 ## - MAIN ENTRY--PERSONAL NAME
Personal name Beck, Douglas Stephen.
245 10 - TITLE STATEMENT
Title Gas-turbine regenerators /
Statement of responsibility, etc Douglas Stephen Beck, David Gordon Wilson.
260 ## - PUBLICATION, DISTRIBUTION, ETC. (IMPRINT)
Place of publication, distribution, etc New York :
Name of publisher, distributor, etc Chapman & Hall,c1996.
Date of publication, distribution, etc c1996.
300 ## - PHYSICAL DESCRIPTION
Extent xxiv, 250 p. :
Other physical details ill. ;
Dimensions 24 cm.
500 ## - GENERAL NOTE
General note Distributer : Al-Ahram.
504 ## - BIBLIOGRAPHY, ETC. NOTE
Bibliography, etc Includes bibliographical references (p. 239-245) and index.
511 ## - PARTICIPANT OR PERFORMER NOTE
Participant or performer note Catalogued By : Mahitab.
650 #0 - SUBJECT ADDED ENTRY--TOPICAL TERM
Topical term or geographic name as entry element Automotive gas turbines.
650 #0 - SUBJECT ADDED ENTRY--TOPICAL TERM
Topical term or geographic name as entry element Gas-turbine power-plants.
650 #0 - SUBJECT ADDED ENTRY--TOPICAL TERM
Topical term or geographic name as entry element Heat regenerators.
700 1# - ADDED ENTRY--PERSONAL NAME
Personal name Wilson, David Gordon,
Dates associated with a name 1928-
942 ## - ADDED ENTRY ELEMENTS (KOHA)
Item type Book - Borrowing
Call number prefix 629.25BEC
Holdings
Withdrawn status Item status Damaged status Not for loan Home library Current library Shelving location Date acquired Source of acquisition Total Checkouts Full call number Barcode Date last seen Koha item type
        Central Library Central Library First floor 07/11/2005 Purchase   629.25BEC 000007470 15/07/2025 Book - Borrowing